Ḥikāyāt fī qadḥ al-māʼ naqlan ʻan Kitāb al-muntakhab fī ʻilm al-ʻayn = Las operaciones de catarata de ʻAmmār ibn ʻAli al-Mausilī =The cataract operations of ʻAmmār ibn ʻAlî al-Mawsilī =Les opérations de caratacte de ʻAmmâr ibn ʻAlî al-Mousilî =Die Staroperationen des ʻAmmâr ibn ʻAlî al-Mausilî /
محفوظ في:
المؤلف الرئيسي:
التنسيق: كتاب
اللغة:
Arabic
Spanish
English
French
German
منشور في:
[Masnou, Barcelona :
Laboratorios del Norte de España,
c1937]
الموضوعات:
الوسوم: إضافة وسم
لا توجد وسوم, كن أول من يضع وسما على هذه التسجيلة!
رقم الطلب: RE451 .M35 1937
| LEADER | 02113nam a2200301Ia 4500 | ||
|---|---|---|---|
| 003 | OSt | ||
| 005 | 20220802124528.0 | ||
| 008 | 130303s1937 sp h 000 0 ara d | ||
| 952 | |0 0 |1 0 |2 lcc |4 0 |6 RE0451 M35 01937 |7 1 |9 27980 |a ARCE |b ARCE |d 2022-01-25 |l 0 |o RE451 .M35 1937 |p 1039788 |r 2022-01-25 00:00:00 |w 2022-01-25 |y BK | ||
| 999 | |c 25505 |d 25505 | ||
| 040 | |c ARCE Library | ||
| 041 | 0 | |a ara |a spa |a eng |a fre |a ger | |
| 050 | 4 | |a RE451 .M35 1937 | |
| 100 | 1 | |6 880-01 |a Mawṣilī, ʻAmmār ibn ʻAlī, |d -approximately 1010, |e author |9 35613 | |
| 245 | 1 | 0 | |6 880-02 |a Ḥikāyāt fī qadḥ al-māʼ naqlan ʻan Kitāb al-muntakhab fī ʻilm al-ʻayn = |b Las operaciones de catarata de ʻAmmār ibn ʻAli al-Mausilī =The cataract operations of ʻAmmār ibn ʻAlî al-Mawsilī =Les opérations de caratacte de ʻAmmâr ibn ʻAlî al-Mousilî =Die Staroperationen des ʻAmmâr ibn ʻAlî al-Mausilî / |c [edited and translated by] Max Meyerhof. |
| 246 | 3 | 1 | |a Die Staroperationen des ʻAmmâr ibn ʻAlî al-Mausilî |
| 246 | 3 | 1 | |a Las operaciones de catarata de ʻAmmār ibn ʻAli al-Mausilī |
| 246 | 3 | 1 | |a Les opérations de caratacte de ʻAmmâr ibn ʻAlî al-Mousilî |
| 246 | 3 | 1 | |a The cataract operations of ʻAmmār ibn ʻAlî al-Mawsilī |
| 264 | 1 | |a [Masnou, Barcelona : |b Laboratorios del Norte de España, |c c1937] | |
| 300 | |a 117 pages |b facsimiles ; |c 23 cm. | ||
| 546 | |a Includes facsimile of the Arabic text, with translations into Spanish, English, French, and German. | ||
| 650 | 0 | |a Cataract. | |
| 650 | 0 | |a Medicine, Arab. | |
| 880 | 1 | |6 100-01/(3/r |a موصلي، عمار بن علي، |d -حوالي1010. | |
| 880 | 1 | 0 | |6 245-02/(3/r |a حكايات فى قدح الماء نقلاً عن كتاب المنتخب فى علم العين = |b Las operaciones de catarata de ʻAmmār ibn ʻAli al-Mausilī =The cataract operations of ʻAmmār ibn ʻAlî al-Mawsilī =Les opérations de caratacte de ʻAmmâr ibn ʻAlî al-Mousilî =Die Staroperationen des ʻAmmâr ibn ʻAlî al-Mausilî / |c عمار بن الموصلي |
| 901 | |a reviewed | ||
| 942 | |c BK |2 lcc | ||
